Investiční horizont aneb investování a pečení
Podielové fondy - široko diverzifikované investičné nástroje, ktoré minimalizujú následky krachu emitenta cenného papiera. Index S&P 500 - najčastejšie používaný benchmark pre hodnotenie úspešnosti investície do amerických akcií - z dlhodobého pohľadu úspešný. Akciové investície ako vhodná voľba, z...
Salvato in:
| Autore principale: | |
|---|---|
| Natura: | Capitolo di libro |
| Lingua: | ceco |
| Soggetti: | |
| Tags: |
Nessun Tag, puoi essere il primo ad aggiungerne!!
|
MARC
| LEADER | 00000naa a2200000 4500 | ||
|---|---|---|---|
| 001 | 0264314 | ||
| 005 | 20240502083759.5 | ||
| 041 | 0 | |a cze | |
| 044 | |a CZ | ||
| 245 | 1 | 0 | |a Investiční horizont aneb investování a pečení |c Pavel Škriniar |
| 520 | |a Podielové fondy - široko diverzifikované investičné nástroje, ktoré minimalizujú následky krachu emitenta cenného papiera. Index S&P 500 - najčastejšie používaný benchmark pre hodnotenie úspešnosti investície do amerických akcií - z dlhodobého pohľadu úspešný. Akciové investície ako vhodná voľba, z dlhodobého pohľadu výnosnejšie ako dlhopisy. Investičný horizont a jeho optimálna dĺžka. | ||
| 610 | 2 | 0 | |a investície |
| 610 | 2 | 0 | |a investovanie |
| 610 | 2 | 0 | |a dlhopisy |
| 610 | 2 | 0 | |a akcie |
| 610 | 2 | 0 | |a fondy podielové |
| 610 | 2 | 0 | |a trh finančný |
| 100 | 1 | |a Škriniar, Pavel, 1979- | |